| 000 | 00714nam a2200229 a 4500 | ||
|---|---|---|---|
| 001 | 22498 | ||
| 003 | BD-RjUL | ||
| 005 | 20211209000820.0 | ||
| 008 | 500101s1928 xx 000 0 eng d | ||
| 035 | _a(BD-RjUL)22563 | ||
| 040 |
_aTLM _cTLM _dOSU _dEQO _dBD-RjUL _beng |
||
| 041 | 1 | _aengheb | |
| 082 |
_223 _a221.9505 _bMEB 1928 |
||
| 100 | 1 |
_aMeyouhas, Joseph, _d1868-1942. _9222827 |
|
| 245 | 1 | 0 |
_aBible tales in Arab folk-lore / _cby Joseph Meyouhas ; translated from the Hebrew by Victor N. Levi |
| 260 |
_aLondon : _bKnopf, _c1928 |
||
| 300 |
_a240 p. ; _c19 cm. |
||
| 650 |
_aBible stories, Arabic _9222828 |
||
| 650 |
_aFolklore _zArab _9222829 |
||
| 700 |
_aLevi, Victor N. , tr. _9222830 |
||
| 942 |
_2ddc _cRAR |
||
| 999 |
_c22498 _d22498 |
||